000 00710nam a2200205 a 4500
999 _c931
_d931
001 931
003 BD-JhCC
005 20171011175553.0
008 171011s1372 bg |||| |||| 000 0 ben d
035 _a(BD-JhCC) 931
040 _aBD-JhCC
_dBD-JhCC
041 _aben
082 _a891.443
_bBON 1372
100 _aবন্দ্যোপধ্যায়, তারাশঙ্কর
245 _aভুবনপুরের হাট /
_cতারাশঙ্কর বন্দ্যোপধ্যায়
260 _aঢাকা:
_bকল্পনা পাবলিশার্স,
_c১৩৭২
300 _a১৯৮ পৃ.;
_c২০ সে.মি.
650 _aBengali Novel
942 _2ddc
_cBK